LEADER 01249nam--2200385---450- 001 990002072280203316 005 20100708090928.0 010 $a88-324-9957-6 035 $a000207228 035 $aUSA01000207228 035 $a(ALEPH)000207228USA01 035 $a000207228 100 $a20041012d1996----km-y0itay0103----ba 101 0 $aita 102 $aIT 105 $a||||||||001yy 200 1 $aFormulario del Codice Civile e delle leggi speciali$eper notai, avvocati, magistrati, curatori di eredità giacenti e amministratori di condomini$fLuigi Bonavolontà 210 $aMilano$cPirola$d1996 215 $aXXXIX, 613 p.$d24 cm$e2 floppy disk 225 2 $aPirola legale 410 0$12001$aPirola legale 454 1$12001 461 1$1001-------$12001 606 0 $aCodice Civile$xFormulari 676 $a346.45 700 1$aBONAVOLONTÀ,$bLuigi$0257977 801 0$aIT$bsalbc$gISBD 912 $a990002072280203316 951 $aXXV.1.B. 680 (Coll. PFL 12)$b17827 G.$cXXV.1.B. 680 (Coll.)$d00285144 959 $aBK 969 $aGIU 979 $aSIAV1$b10$c20041012$lUSA01$h1217 979 $aRSIAV2$b90$c20100708$lUSA01$h0909 996 $aFormulario del Codice Civile e delle leggi speciali$91042225 997 $aUNISA LEADER 02189oam 2200529M 450 001 9910716691003321 005 20210706165513.0 035 $a(CKB)5470000002523252 035 $a(OCoLC)1065780806 035 $a(OCoLC)995470000002523252 035 $a(EXLCZ)995470000002523252 100 $a20071213d1927 ua 0 101 0 $aeng 135 $aurcn||||||||| 181 $ctxt$2rdacontent 182 $cc$2rdamedia 183 $acr$2rdacarrier 200 10$aAuthorizing the acceptance by the Navy Department of a site for an aviation training field in the vicinity of Pensacola, Fla. February 15 (calendar day, February 16), 1927. -- Ordered to be printed 210 1$a[Washington, D.C.] :$c[U.S. Government Printing Office],$d1927. 215 $a1 online resource (3 pages) 225 1 $aSenate report / 69th Congress, 2nd session. Senate ;$vno. 1497 225 1 $a[United States congressional serial set] ;$v[serial no. 8685.] 300 $aBatch processed record: Metadata reviewed, not verified. Some fields updated by batch processes. 300 $aFDLP item number not assigned. 517 $aAuthorizing the acceptance by the Navy Department of a site for an aviation training field in the vicinity of Pensacola, Fla. February 15 606 $aAir bases 606 $aLand titles$xRegistration and transfer 606 $aMilitary training camps 606 $aMilitary training camps$xSounds 606 $aNaval aviation 608 $aLegislative materials.$2lcgft 615 0$aAir bases. 615 0$aLand titles$xRegistration and transfer. 615 0$aMilitary training camps. 615 0$aMilitary training camps$xSounds. 615 0$aNaval aviation. 701 $aTrammell$b Park$f1876-1936$pDemocrat (FL)$01386825 801 0$bWYU 801 1$bWYU 801 2$bOCLCO 801 2$bOCLCQ 801 2$bOCLCO 801 2$bOCLCQ 906 $aBOOK 912 $a9910716691003321 996 $aAuthorizing the acceptance by the Navy Department of a site for an aviation training field in the vicinity of Pensacola, Fla. February 15 (calendar day, February 16), 1927. -- Ordered to be printed$93445415 997 $aUNINA